00366nam a2200133Ia 4500003000400000005001700004008004100021040001800062041000800080100003800088110001500126245007100141260002000212OSt20230530151425.0211028s2007 xx 000 0 und d cAIMIT LIBRARY aeng aPriya, B A; Leelavathy.g50971406 aLeelavathy aCreation of Systemic Lupus Erthymetosus (SLEDB) with query system. aMangalorec2007